| 000 | 00802nam a2200205Ia 4500 | ||
|---|---|---|---|
| 003 | GCL | ||
| 008 | 140319s9999 xx 000 0 ara d | ||
| 040 |
_aGCL / _cGCL |
||
| 082 | 0 | 4 |
_a956.609 _bم ح |
| 100 | 1 | _aمحمد سويد (اعداد) | |
| 245 | 1 | 0 |
_aحرب الايام السبعه على لبنان ( عملية تصفية الحسابات 31-25\7\1993 ) / _cمحمد سويد (اعداد) |
| 700 | 1 | _aهانى عبدالله | |
| 700 | 1 | _aسمير صراحى (مترجم) | |
| 260 |
_a[S.N] : _bمؤسسة الدراسات الفلسطينية ، _c1993 |
||
| 300 | _a224 ص | ||
| 490 |
_aسلسلة كتب تسجيلية رقم 12 _v0 |
||
| 650 | 0 | 4 | _aالنزاع العربى الاسرائيلى |
| 650 | 0 | 4 | _aلبنان - تاريخ - الحرب الاهلية |
| 942 |
_2ddc _cBK |
||
| 999 |
_c55760 _d55760 |
||